000 00927cam a22002891 4500
001 7418
003 BD-RjUL
005 20211208234418.0
008 140115s1968 nyu b 000 0 eng
035 _a(BD-RjUL)7461
040 _aDLC
_cDLC
_dDLC
_dBD-RjUL
_beng
041 _aeng
082 0 0 _a347.9
_bABJ 1968
100 1 _aAbraham, Henry Julian,
_d1921-
_914362
245 0 4 _aThe judicial process :
_bAn introductory analysis of the courts of the United States, England, and France
_c Henry J. Abraham.
250 _a2d ed., rev. and enl.
260 _aNew York :
_bOxford University Press,
_c1968.
300 _axiv, 496 p. ;
_c21 cm.
504 _aBibliography: p. 381-472.
650 0 _aCourts
_zUnited States.
_923190
650 0 _aCourts
_zGreat Britain.
_923191
650 0 _aCourts
_zFrance.
_914974
650 0 _aJudicial process.
_923192
942 _2ddc
_cBK
999 _c7418
_d7418